mysqli: Table './ulib62015/stat_globaluid' is marked as crashed and should be repaired
select id from stat_globaluid where statuid='20260518004323_3106'
mysqli: Table './ulib62015/stat_globaluid' is marked as crashed and should be repaired
DELETE FROM stat_globaluid
WHERE id NOT IN (
SELECT id
FROM (
SELECT id
FROM stat_globaluid
ORDER BY id DESC
LIMIT 100
) foo
);
mysqli: Table './ulib62015/stat_globaluid' is marked as crashed and should be repaired
insert into stat_globaluid set
statuid='20260518004323_3106',
dt='1779039803',
phpself='/ULIB62015/dublinfull.php',
agent='Mozilla/5.0 AppleWebKit/537.36 (KHTML, like Gecko; compatible; ClaudeBot/1.0; +claudebot@anthropic.com)',
yea='2026',
mon='5',
dat='18',
ip='216.73.216.45'
mysqli: Table './ulib62015/stathist_viewbib_bib_type' is marked as crashed and should be repaired
insert into stathist_viewbib_bib_type set
dat='18' ,
mon='05' ,
yea='2026' ,
statuid='20260518004323_3106' ,
head='13399107742' ,
foot='marc' ,
dt='1779039803'
| LEADER : 00000nam 2200000uu 4500 |
| 008 101022s||||||||th 000 0 tha d |
| 020 ^a978-974-592-175-7
|
| 082 0 ^aPN6129.T5
|
| 100 0 ^aภูมิพลอดุลยเดช, พระบาทสมเด็จพระปรมินทรมหา
|
| 245 00 ^aคำพ่อสอน : ประมวลพระบรมราโชวาทและพระราชดำรัสเกี่ยวกับเศรษฐกิจพอเพียง
|
| 260 ^aกรุงเทพฯ :^bโรงพิมพ์กรุงเทพ,^c2551.
|
| 300 ^a240 หน้า
|
| 945 ^p109^l0^i013107 |
| 999 ^aบรรณารักษ์
|
| คุณยังไม่ได้ล็อกอิน คุณสามารถมีกิจกรรมร่วมกับเว็บไซต์ได้ แต่ต้องล็อกอินก่อน :: |
|
|
|
| ลำดับที่ |
ประเภท |
เลขเรียก/บาร์โค้ด |
สถานที่ |
สถานะ |
| 1. |
 หนังสือ | PN6129.T5 ฉ.3 Barcode: 013107 | หนังสือทั่วไป | บนชั้น ขอยืม |
|
ยังไม่เคยถูกคอมเมนท์
|
| คอมเมนท์ทรัพยากรรายการนี้ |
|